| 000 | 00723nam a2200205Ii 4500 | ||
|---|---|---|---|
| 003 | JO-AjNU | ||
| 008 | 230605s9999||||xx |||||||||||||| ||und|| | ||
| 017 | _a2006/3/653 | ||
| 040 |
_aJO-AjNU _bara _erda _cJO-AjNU |
||
| 041 | _aara | ||
| 050 | 1 | 4 | _aTS156.A82 2006 |
| 100 | 3 |
_aتاليف اسعد، نديم اكرم , _eauthor _911786 |
|
| 245 | 0 | 0 | _aثقافة الجودة الشاملة مدخل لنظام جودة بمضامين محلية |
| 264 | 3 | 1 | _aاربد: المؤلف، 2006 |
| 300 | _a254ص | ||
| 336 |
_atext _btxt _2rdacontent |
||
| 337 |
_aunmediated _bn _2rdamedia |
||
| 338 |
_avolume _bnc _2rdacarrier |
||
| 650 | 4 |
_aادارة الاعمال - ضبط الجودة-حماية المستهلك _911787 |
|
| 999 |
_aA2503 _c6071 _d6071 |
||